50 mejores ANIMES de la historia según IMDb - Estadísticas

Estadísticas generales
  • Esta prueba ha sido intentada 467 veces
  • La puntuación promedio es 23 de 50
Estadísticas de respuestas
Imagen Hint Respuesta % Correcto
N°3- Nota 9.05 - (Año 1999) One Piece
100%
N°13- Nota 8.60- (Año 1984) Dragon Ball
99%
N°5- Nota 8.90 - (Año 2006) Death Note
95%
N°11- Nota 8.72- (Año 2015) One Punch Man
94%
N°1- Nota 9.15 - (Año 2013) Shingeki no Kyojin
94%
N°4- Nota 9.00 - (Año 2014) Hunter x Hunter
93%
N°16- Nota 8.70- (Año 1989) Dragon Ball Z
88%
N°2- Nota 9.10 - (Año 2009) Fullmetal Alchemist
88%
N°18- Nota 8.25- (Año 2004) Bleach
87%
N°8- Nota 8.78- (Año 2007) Naruto Shippûden
87%
N°10- Nota 8.75- (Año 2020) Haikyu
86%
N°30- Nota 7.70- (Año 2014) Tokyo Ghoul
85%
N°29- Nota 7.75- (Año 2021) The Seven Deadly Sins
79%
N°25- Nota 7.95- (Año 2012) Fairy Tail
74%
N°17- Nota 8.70- (Año 2010) Parasyte
72%
N°37- Nota 7.57- (Año 2013) Sword Art Online
71%
N°12- Nota 8.70- (Año 2007) Code Geass
67%
N°7- Nota 8.98- (Año 2000) Hajime No Ippo
64%
N°19- Nota 8.23- (Año 2017) Kuroko no basket
63%
N°9- Nota 8.75- (Año 2004) Monster
63%
N°14- Nota 8.55- (Año 2014) Your Lie in April
62%
N°33- Nota 7.66- (Año 2017) No Game No Life
49%
N°6- Nota 8.80- (Año 2015) Steins Gate
46%
N°27- Nota 7.85- (Año 2014) Akame ga Kill
43%
N°31- Nota 7.70- (Año 2007) Darker Than Black
41%
N°42- Nota 7.45- (Año 2011) Mirai Nikki
37%
N°21- Nota 8.17- (Año 2015) Shokugeki no Soma
36%
N°34- Nota 7.64- (Año 2004) Angel Beats
31%
N°22- Nota 8.13- (Año 2011) Anohana
29%
N°45- Nota 7.30- (Año 2010) Highschool of the Dead
29%
N°15- Nota 8.50- (Año 1996) Kenshin
29%
N°28- Nota 7.80- (Año 2019) Magi
27%
N°32- Nota 7.68- (Año 2015) Black Butler
26%
N°26- Nota 7.90- (Año 2018) Black Lagoon
23%
N°41- Nota 7.15- (Año 2014) DanMachi
21%
N°50- Nota 6.70- (Año 2010) Fate Stay Night
17%
N°24- Nota 8.00- (Año 2007) Claymore
13%
N°38- Nota 7.55- (Año 2010) Ajin
10%
N°23- Nota 8.10- (Año 2013) Ace of Diamond
9%
N°46- Nota 7.20- (Año 2011) Deadman Wonderland
9%
N°36- Nota 7.59- (Año 2013) Yowamushi pedal
9%
N°47- Nota 7.13- (Año 2012) Btooom
8%
N°39- Nota 7.53- (Año 2005) Log Horizon
5%
N°20- Nota 8.20- (Año 2008) One Outs
4%
N°35- Nota 7.61- (Año 1990) Shiki
4%
N°48- Nota 7.10- (Año 2014) Aldnoah Zero
3%
N°49- Nota 6.90- (Año 2005) Black Cat
3%
N°44- Nota 7.40- (Año 2002) GetBackers
2%
N°43- Nota 7.43- (Año 2012) Zetsuen No Tempest
2%
N°40- Nota 7.50- (Año 2009) Phantom
1%
No se encontraron pruebas coincidentes
Distribución de puntuación
Porcentaje de gente con cada puntuación
Porcentaje por número respondido
Historial de tus puntuaciones
No has intentado esta prueba.